Statistics for Super Smash Bros. Ultimate Spirits Quiz pt. 1 (001-500)

Click here to take the quiz!

General Stats

  • This quiz has been taken 80 times
  • The average score is 142 of 500

Answer Stats

Spirit NameCategorySeries% Correct
MarioFighterSuper Mario
97%
Dr. MarioFighterDr. Mario
91%
LuigiFighterSuper Mario
91%
PeachFighterSuper Mario
91%
BowserFighterSuper Mario
89%
Bowser Jr.FighterSuper Mario
89%
DaisyFighterSuper Mario
89%
RosalinaFighterSuper Mario
86%
LudwigFighterSuper Mario
80%
WendyFighterSuper Mario
80%
Donkey KongFighterDonkey Kong
77%
IggyFighterSuper Mario
77%
LemmyFighterSuper Mario
77%
LinkFighterThe Legend of Zelda
77%
MortonFighterSuper Mario
77%
YoshiFighterYoshi
77%
ZeldaFighterThe Legend of Zelda
77%
Dark SamusFighterMetroid Prime
74%
Diddy KongFighterDonkey Kong
74%
GanonPrimaryThe Legend of Zelda
74%
King K. RoolFighterDonkey Kong
74%
LarryFighterSuper Mario
74%
SamusFighterMetroid
74%
SheikFighterThe Legend of Zelda
74%
Toon LinkFighterThe Legend of Zelda
74%
Young LinkFighterThe Legend of Zelda
74%
Builder MarioFighterSuper Mario Maker
71%
GanondorfFighterThe Legend of Zelda
71%
PikachuFighterPokémon
71%
RidleyFighterMetroid
71%
BooPrimarySuper Mario
69%
ToadPrimarySuper Mario
69%
Zero Suit SamusFighterMetroid
69%
FiSupportThe Legend of Zelda
66%
GoombaPrimarySuper Mario
66%
KirbyFighterKirby
66%
PichuFighterPokémon
66%
ToadetteMasterCaptain Toad: Treasure Tracker
66%
CharizardFighterPokémon
63%
Cranky KongPrimaryDonkey Kong
63%
IvysaurFighterPokémon
63%
King DededeFighterKirby
63%
Koopa TroopaSupportSuper Mario
63%
LumaSupportSuper Mario
63%
Meta KnightFighterKirby
63%
MewSupportPokémon
63%
MewtwoFighterPokémon
63%
Baby MarioPrimaryYoshi
60%
Dixie KongPrimaryDonkey Kong
60%
JigglypuffFighterPokémon
60%
King BooPrimaryLuigi's Mansion
60%
LucarioFighterPokémon
60%
Fox McCloudFighterStar Fox
57%
Funky KongMasterDonkey Kong
57%
GenoPrimarySuper Mario RPG: Legend of the Seven Stars
57%
GreninjaFighterPokémon
57%
IncineroarFighterPokémon
57%
Paper MarioPrimaryPaper Mario
57%
SquirtleFighterPokémon
57%
Fire FlowerSupportSuper Mario
54%
KamekPrimarySuper Mario
54%
Super StarSupportSuper Mario
54%
WaluigiPrimarySuper Mario
54%
Captain ToadPrimaryCaptain Toad: Treasure Tracker
51%
ImpaPrimaryThe Legend of Zelda
51%
MidnaPrimaryThe Legend of Zelda
51%
Paper BowserPrimaryPaper Mario
51%
Rabbid MarioPrimaryMario + Rabbids Kingdom Battle
51%
Super MushroomSupportSuper Mario
51%
BirdoPrimarySuper Mario
49%
Candy KongSupportDonkey Kong
49%
CharmanderPrimaryPokémon
49%
Mario (Wedding)FighterSuper Mario
49%
Metal MarioPrimarySuper Mario
49%
Mother BrainPrimaryMetroid
49%
Rabbid PeachPrimaryMario + Rabbids Kingdom Battle
49%
Skull KidPrimaryThe Legend of Zelda
49%
Waddle DeePrimaryKirby
49%
BlastoisePrimaryPokémon
46%
CappySupportSuper Mario
46%
Chain ChompPrimarySuper Mario
46%
MetroidSupportMetroid
46%
Pikachu LibreFighterPokémon
46%
WartPrimarySuper Mario
46%
Baby PeachSupportSuper Mario
43%
Bullet BillPrimarySuper Mario
43%
CelebiSupportPokémon
43%
Lanky KongPrimaryDonkey Kong
43%
MallowSupportSuper Mario RPG: Legend of the Seven Stars
43%
MoonSupportThe Legend of Zelda
43%
Pokémon Trainer (Female)FighterPokémon
43%
Pokémon Trainer (Male)FighterPokémon
43%
Rabbid KongPrimaryMario + Rabbids Kingdom Battle
43%
VenusaurPrimaryPokémon
43%
Baby BowserPrimaryYoshi
40%
Bob-ombSupportSuper Mario
40%
Falco LombardiFighterStar Fox
40%
GhirahimPrimaryThe Legend of Zelda
40%
Ho-OhSupportPokémon
40%
KrystalPrimaryStar Fox
40%
LugiaPrimaryPokémon
40%
Mr. LPrimaryPaper Mario
40%
PaulineSupportSuper Mario
40%
Petey PiranhaPrimarySuper Mario
40%
Slippy ToadSupportStar Fox
40%
TetraPrimaryThe Legend of Zelda
40%
ThwompSupportSuper Mario
40%
TingleSupportThe Legend of Zelda
40%
Tiny KongSupportDonkey Kong
40%
ToadsworthSupportSuper Mario
40%
WigglerSupportSuper Mario
40%
AndrossPrimaryStar Fox
37%
Articuno, Zapdos, & MoltresPrimaryPokémon
37%
Bowser (Wedding)PrimarySuper Mario
37%
Chunky KongPrimaryDonkey Kong
37%
DarukPrimaryThe Legend of Zelda
37%
DragonitePrimaryPokémon
37%
FawfulPrimaryMario & Luigi
37%
Gold MarioSupportSuper Mario
37%
Hammer BroPrimarySuper Mario
37%
KidSupportMario Golf
37%
King of Red LionsPrimaryThe Legend of Zelda
37%
KraidMasterMetroid
37%
Mega Charizard XPrimaryPokémon
37%
Meta RidleyFighterMetroid Prime
37%
MiphaSupportThe Legend of Zelda
37%
RevaliSupportThe Legend of Zelda
37%
Roy (Super Mario Bros.)FighterSuper Mario
37%
Shy GuyPrimarySuper Mario
37%
VirusesSupportDr. Mario
37%
Waddle DooPrimaryKirby
37%
Wrinkly KongSupportDonkey Kong
37%
ZoraSupportThe Legend of Zelda
37%
Banzai BillPrimarySuper Mario
34%
Calamity GanonPrimaryThe Legend of Zelda
34%
Dixie Kong & Kiddy KongPrimaryDonkey Kong
34%
EeveePrimaryPokémon
34%
GoronSupportThe Legend of Zelda
34%
GuardianSupportThe Legend of Zelda
34%
King Bob-ombPrimarySuper Mario
34%
Lakitu & SpinyPrimarySuper Mario
34%
LubbaSupportSuper Mario
34%
Peach (Wedding)SupportSuper Mario
34%
Peppy HareMasterStar Fox
34%
PolterpupSupportLuigi's Mansion
34%
SnorlaxSupportPokémon
34%
UrbosaPrimaryThe Legend of Zelda
34%
ArwingSupportStar Fox
31%
BlooperPrimarySuper Mario
31%
DemisePrimaryThe Legend of Zelda
31%
DittoSupportPokémon
31%
GooeyPrimarKirby
31%
GroudonPrimaryPokémon
31%
Happy Mask SalesmanSupportThe Legend of Zelda
31%
Kaptain K. RoolPrimaryDonkey Kong
31%
KlaptrapPrimaryDonkey Kong
31%
KritterPrimaryDonkey Kong
31%
Majora's MaskSupportThe Legend of Zelda
31%
MechPrimaryMetroid Prime
31%
Mega Mewtwo YPrimaryPokémon
31%
Mini MarioPrimaryMario vs. Donkey Kong
31%
MoblinPrimaryThe Legend of Zelda
31%
PidgeySupportPokémon
31%
RickSupportKirby
31%
Rock MarioSupportSuper Mario
31%
SariaSupportThe Legend of Zelda
31%
VulpixSupportPokémon
31%
Wolf O'DonnellFighterStar Fox
31%
Yarn YoshiPrimaryYoshi
31%
ZantPrimaryThe Legend of Zelda
31%
Alolan RaichuSupportPokémon
29%
ArbokPrimaryPokémon
29%
BlazikenPrimaryPokémon
29%
BokoblinPrimaryThe Legend of Zelda
29%
DaruniaMasterThe Legend of Zelda
29%
Dry BowserPrimarySuper Mario
29%
EponaSupportThe Legend of Zelda
29%
GengarSupportPokémon
29%
GoldeenSupportPokémon
29%
GroosePrimaryThe Legend of Zelda
29%
Luigi (Mario Tennis Aces)SupportMario Tennis Aces
29%
Mario (Mario Tennis Aces)SupportMario Tennis Aces
29%
MeowthSupportPokémon
29%
PerrySupportSuper Princess Peach
29%
PhantomPrimaryThe Legend of Zelda
29%
RambiPrimaryDonkey Kong
29%
RayquazaPrimaryPokémon
29%
ScizorPrimaryPokémon
29%
StaryuPrimaryPokémon
29%
Zelda (Breath of the Wild)SupportThe Legend of Zelda
29%
Alolan VulpixSupportPokémon
26%
ChanseySupportPokémon
26%
DimentioPrimaryPaper Mario
26%
DinSupportThe Legend of Zelda
26%
Donkey Kong Jr.PrimaryDonkey Kong
26%
DreambertPrimaryMario & Luigi
26%
GeodudePrimaryPokémon
26%
Gravity SuitSupportMetroid
26%
KrackoPrimaryKirby
26%
MarxPrimaryKirby
26%
MedliSupportThe Legend of Zelda
26%
MetapodSupportPokémon
26%
MouserPrimarySuper Mario
26%
NightmarePrimaryMetroid
26%
OctorokPrimaryThe Legend of Zelda
26%
Primal GroudonPrimaryPokémon
26%
Princess ShroobPrimaryMario & Luigi
26%
Professor Elvin GaddSupportLuigi's Mansion
26%
SandshrewSupportPokémon
26%
TatangaPrimarySuper Mario Land
26%
TaurosPrimaryPokémon
26%
VivianPrimaryPaper Mario
26%
Waluigi (Super Mario Strikers)PrimarySuper Mario Strikers
26%
Whispy WoodsPrimaryKirby
26%
YugaSupportThe Legend of Zelda
26%
Alolan ExeggutorSupportPokémon
23%
Bandana Waddle DeePrimaryKirby
23%
Boom BoomPrimarySuper Mario
23%
ChikoritaPrimaryPokémon
23%
Chozo StatueSupportMetroid
23%
ClefairyPrimaryPokémon
23%
DarknutPrimaryThe Legend of Zelda
23%
Dark SuitPrimaryMetroid
23%
ElectrodeSupportPokémon
23%
EnguardePrimaryDonkey Kong
23%
ExpressoSupportDonkey Kong
23%
Fierce Deity LinkPrimaryThe Legend of Zelda
23%
F.L.U.D.D.SupportSuper Mario
23%
Galacta KnightPrimaryKirby
23%
GardevoirSupportPokémon
23%
GyaradosSupportPokémon
23%
James McCloudPrimaryStar Fox
23%
Kammy KoopaPrimaryPaper Mario
23%
KangaskhanPrimaryPokémon
23%
KyogrePrimaryPokémon
23%
LandmasterSupportStar Fox
23%
Latias & LatiosSupportPokémon
23%
Light SuitPrimaryMetroid Prime
23%
Link (A Link Between Worlds)PrimaryThe Legend of Zelda
23%
Link (The Legend of Zelda)PrimaryThe Legend of Zelda
23%
MalonSupportThe Legend of Zelda
23%
MarillSupportPokémon
23%
MetagrossPrimaryPokémon
23%
NabbitSupportSuper Mario
23%
PinsirPrimaryPokémon
23%
PorygonPrimaryPokémon
23%
Prince FluffPrimaryKirby's Epic Yarn
23%
PsyduckSupportPokémon
23%
Raikou, Entei, & SuicunePrimaryPokémon
23%
RavioSupportThe Legend of Zelda
23%
RickySupportThe Legend of Zelda
23%
SquawksSupportDonkey Kong
23%
StarlowSupportMario & Luigi
23%
Star RodSupportKirby
23%
TogepiSupportPokémon
23%
TrickyPrimaryStar Fox
23%
ValooSupportThe Legend of Zelda
23%
Yoshi (Yoshi's Crafted World)FighterYoshi
23%
Young ZeldaPrimaryThe Legend of Zelda
23%
AbraSupportPokémon
20%
ArcanineSupportPokémon
20%
B DasherSupportMario Kart
20%
BeedleMasterThe Legend of Zelda
20%
BonkersPrimaryKirby
20%
Boo MarioSupportSuper Mario
20%
CooSupportKirby
20%
CubonePrimaryPokémon
20%
Dark MatterPrimaryKirby
20%
Deku LinkPrimaryThe Legend of Zelda
20%
Donkey Kong & LadyPrimaryDonkey Kong
20%
Eggplant ManPrimaryWrecking Crew
20%
EzloSupportThe Legend of Zelda
20%
Fox LuigiSupportSuper Mario
20%
FreezieSupportSuper Mario
20%
Great FairySupportThe Legend of Zelda
20%
Great FoxSupportStar Fox
20%
HalberdSupportKirby
20%
HeracrossPrimaryPokémon
20%
Honey QueenMasterSuper Mario
20%
HueySupportPaper Mario
20%
KafeiSupportThe Legend of Zelda
20%
KalypsoSupportDonkey Kong: Barrel Blast
20%
LaprasSupportPokémon
20%
LinebeckMasterThe Legend of Zelda
20%
MarinSupportThe Legend of Zelda
20%
MechakoopaSupportSuper Mario
20%
Mega KangaskhanPrimaryPokémon
20%
MiltankSupportPokémon
20%
MooshSupportThe Legend of Zelda
20%
NayruSupportThe Legend of Zelda
20%
Ninja KongPrimaryDonkey Kong Jungle Beat
20%
Nipper PlantPrimarySuper Mario
20%
Omega RidleyPrimaryMetroid Prime
20%
Panther CarosoPrimaryStar Fox
20%
Parasite QueenSupportMetroid Prime
20%
PlessieSupportSuper Mario
20%
PostmanSupportThe Legend of Zelda
20%
Primal KyogrePrimaryPokémon
20%
Queen MetroidPrimaryMetroid
20%
ReDeadPrimaryThe Legend of Zelda
20%
RutoPrimaryThe Legend of Zelda
20%
Shine SpriteSupportSuper Mario
20%
SquitterSupportDonkey Kong
20%
Standard KartSupportMario Kart
20%
Starship MarioSupportSuper Mario
20%
Swanky KongSupportDonkey Kong
20%
The ImprisonedPrimaryThe Legend of Zelda
20%
TyranitarPrimaryPokémon
20%
VaatiPrimaryThe Legend of Zelda
20%
Wolf Link & MidnaPrimaryThe Legend of Zelda
20%
Zelda (Ocarina of Time)PrimaryThe Legend of Zelda
20%
Zelda (Spirit Tracks)PrimaryThe Legend of Zelda
20%
AbsolPrimaryPokémon
17%
AgahnimPrimaryThe Legend of Zelda
17%
AmpharosPrimaryPokémon
17%
AntasmaSupportMario & Luigi
17%
Beast GanonPrimaryThe Legend of Zelda
17%
BellossomSupportPokémon
17%
Boom Boom & Pom PomPrimarySuper Mario
17%
Bronto BurtSupportKirby
17%
Burt the BashfulPrimaryYoshi
17%
ByrnePrimaryThe Legend of Zelda
17%
Chargin' ChuckPrimarySuper Mario
17%
Chef KawasakiSupportKirby
17%
CuccoSupportThe Legend of Zelda
17%
Dimitri (The Legend of Zelda)SupportThe Legend of Zelda
17%
EllieSupportDonkey Kong
17%
Fairy BottleSupportThe Legend of Zelda
17%
Fusion SuitPrimaryMetroid
17%
Ganondorf (Twilight Princess)PrimaryThe Legend of Zelda
17%
Hilda (The Legend of Zelda)PrimaryThe Legend of Zelda
17%
HitmonleePrimaryPokémon
17%
HotheadSupportSuper Mario
17%
Kaepora GaeboraSupportThe Legend of Zelda
17%
KineSupportKirby
17%
King of HyrulePrimaryThe Legend of Zelda
17%
Leon PowalskiPrimaryStar Fox
17%
Like LikeSupportThe Legend of Zelda
17%
LoftwingSupportThe Legend of Zelda
17%
Master CyclePrimaryMario Kart
17%
Mecha RidleyPrimaryMetroid
17%
Papercraft MarioPrimaryMario & Luigi
17%
Petey Piranha (Super Mario Strikers)PrimarySuper Mario Strikers
17%
PidgitSupportSuper Mario
17%
Pigma DengarSupportStar Fox
17%
Poppy Bros. Jr.PrimaryKirby
17%
Prince PeasleyPrimaryMario & Luigi
17%
Raphael the RavenSupportYoshi
17%
SalamencePrimaryPokémon
17%
ScarfyPrimaryKirby
17%
Shadow MarioPrimarySuper Mario
17%
Shadow QueenPrimaryPaper Mario
17%
SidestepperSupportSuper Mario
17%
Skull Kid & Majora's MaskPrimaryThe Legend of Zelda
17%
SteelixPrimaryPokémon
17%
StorkSupportYoshi
17%
Super Happy TreeSupportYoshi
17%
TracePrimaryMetroid Prime
17%
TwinrovaPrimaryThe Legend of Zelda
17%
UkikiSupportYoshi
17%
Warp StarSupportKirby
17%
Wind FishSupportThe Legend of Zelda
17%
WolfenSupportStar Fox
17%
Yarn PoochyPrimaryYoshi
17%
Young SamusPrimaryMetroid
17%
ZebesianPrimaryMetroid
17%
Adam MalkovichPrimaryMetroid
14%
AgithaSupportThe Legend of Zelda
14%
AryllSupportThe Legend of Zelda
14%
BanditSupportYoshi
14%
Baron K. RoolensteinPrimaryDonkey Kong
14%
Barrel TrainSupportMario Kart
14%
BugzzySupportKirby
14%
ChuChuSupportKirby
14%
DaroachPrimaryKirby
14%
FishmanSupportThe Legend of Zelda
14%
Flies & HandSupportMario Paint
14%
Flying Squirrel ToadSupportSuper Mario
14%
GandraydaSupportMetroid Prime
14%
GordoPrimaryKirby
14%
Hungry LumaSupportSuper Mario
14%
Karate KongPrimaryDonkey Kong Jungle Beat
14%
Knuckle JoePrimaryKirby
14%
Koume & KotakePrimaryThe Legend of Zelda
14%
Little BirdieSupportMetroid
14%
Lord FredrikPrimaryDonkey Kong
14%
MachampPrimaryPokémon
14%
Madame CoutureSupportThe Legend of Zelda
14%
MagolorPrimaryKirby
14%
Masked DededePrimaryKirby
14%
Mother Brain (2nd Form)PrimaryMetroid
14%
Paper Bowser (Paper Mario: Sticker Star)PrimaryPaper Mario
14%
PhantoonSupportMetroid
14%
Phazon SuitSupportMetroid Prime
14%
PiantasSupportSuper Mario
14%
Poltergust 5000SupportLuigi's Mansion
14%
Professor ChopsSupportDonkey Kong
14%
Queen SectoniaPrimaryKirby
14%
RapidashPrimaryPokémon
14%
ROB 64SupportStar Fox
14%
Roger the Potted GhostSupportYoshi
14%
ShedinjaSupportPokémon
14%
SlowpokeMasterPokémon
14%
Standard BikeSupportMario Kart
14%
StanleyPrimaryDonkey Kong
14%
SudowoodoSupportPokémon
14%
SusieSupportKirby
14%
The OdysseySupportSuper Mario
14%
Tiki Tak TribePrimaryDonkey Kong
14%
UnownSupportPokémon
14%
WeezingSupportPokémon
14%
WobbuffetSupportPokémon
14%
X ParasitePrimaryMetroid
14%
Zelda (The Wind Waker)PrimaryThe Legend of Zelda
14%
ZingerPrimaryDonkey Kong
14%
Alfonzo & Engineer LinkSupportThe Legend of Zelda
11%
Baby Mario (Superstar Mario)PrimaryYoshi
11%
BadwagonPrimaryMario Kart
11%
BiddybuggyPrimaryMario Kart
11%
Big UrchinPrimarySuper Mario
11%
BlarggSupportYoshi
11%
Blast-o-MaticSupportDonkey Kong
11%
BomberSupportKirby
11%
Broque MonsieurPrimaryMario & Luigi
11%
Cat Princess PeachPrimarySuper Mario
11%
Cheep ChargerPrimaryMario Kart
11%
City TripperSupportMario Kart
11%
DiggernautSupportMetroid
11%
Don BongoPrimaryYoshi
11%
DragoonSupportKirby
11%
DugtrioSupportPokémon
11%
Dyna BladePrimaryKirby
11%
FlygonPrimaryPokémon
11%
General PepperSupportStar Fox
11%
Goo-Goo BuggyPrimaryMario Kart
11%
GunshipSupportMetroid
11%
HoundoomPrimaryPokémon
11%
KandenSupportMetroid Prime
11%
KipPrimaryDonkey Kong: Barrel Blast
11%
MagnetonPrimaryPokémon
11%
MC Ballyhoo & Big TopSupportMario Party
11%
MiloticSupportPokémon
11%
Mini Mario & HammersPrimaryMario vs. Donkey Kong
11%
NagoPrimaryKirby
11%
Pak E. DermSupportYoshi
11%
PitchSupportKirby
11%
Plasma WispSupportKirby
11%
RattlySupportDonkey Kong
11%
Tap-TapPrimaryYoshi
11%
TektitePrimaryThe Legend of Zelda
11%
Totem LinkPrimaryThe Legend of Zelda
11%
Wall-Merged LinkPrimaryThe Legend of Zelda
11%
WandaSupportSuper Mario
11%
WinkySupportDonkey Kong
11%
WooperSupportPokémon
11%
Andrew OikonnyPrimaryStar Fox
9%
Andross (Star Fox 64 3D)PrimaryStar Fox
9%
Andross (True Form)PrimaryStar Fox
9%
Angry ScarfyPrimaryKirby
9%
Bloom CoachSupportMario Kart
9%
Crazee DayzeePrimaryYoshi
9%
Dark DaroachPrimaryKirby
9%
Donkey Kong & BongosSupportDonkey Kong Jungle Beat
9%
Farfetch'dSupportPokémon
9%
GeemerPrimaryMetroid
9%
Grim LeecherSupportYoshi
9%
Heavy LobsterPrimaryKirby
9%
LandiaPrimaryKirby
9%
Little MouserSupportYoshi
9%
Mach 8SupportMario Kart
9%
Marx (True Form)PrimaryKirby
9%
Meta-KnightsPrimaryKirby
9%
Mr. FrostySupportKirby
9%
Nightmare WizardPrimaryKirby
9%
RockySupportKirby
9%
SkarmoryPrimaryPokémon
9%
Slugger & Green GloveSupportYoshi
9%
SmearglePrimaryPokémon
9%
Spirit Who Loves SurprisesSupportYoshi
9%
Sprixie PrincessesSupportSuper Mario
9%
The Three Mage-SistersSupportKirby
9%
ToadiesSupportYoshi
9%
Turbo YoshiSupportMario Kart
9%
Ultra SwordSupportKirby
9%
WalkerSupportStar Fox
9%
WheelieSupportKirby
9%
AparoidSupportStar Fox
6%
Dark MindSupportKirby
6%
Dash BowmanPrimaryStar Fox
6%
GryllPrimaryKirby
6%
HongoSupportYoshi
6%
King Bulblin & Lord BullboPrimaryThe Legend of Zelda
6%
MoleySupportKirby
6%
Nightmare's Power OrbPrimaryKirby
6%
Robobot ArmorSupportKirby
6%
EllineSupportKirby
3%
GyrowingSupportStar Fox
3%
Mr. Shine & Mr. BrightPrimaryKirby
3%
TacSupportKirby
3%
Mega EggdoverSupportYoshi
0%

Score Distribution

Percentile by Number Answered

Percent of People with Each Score

Your Score History

You have not taken this quiz